Cambios en metodologías docentes y de evaluación : (Record no. 186987)

MARC details
000 -CABECERA
campo de control de longitud fija 02209cab a2200313 ab4500
005 - FECHA Y HORA DE LA ÚLTIMA TRANSACCIÓN
campo de control 20231020063922.0
008 - ELEMENTOS DE LONGITUD FIJA--INFORMACIÓN GENERAL
campo de control de longitud fija 991125c2016 mx qr p o 000 0 spa d
035 ## - NÚMERO DE CONTROL DEL SISTEMA
Número de control de sistema UPN01000214887
040 ## - FUENTE DE LA CATALOGACIÓN
Centro catalogador/agencia de origen MX-MxUPN
Lengua de catalogación spa
Centro/agencia transcriptor MX-MxUPN
Normas de descripción aacr2
049 ## - COLECCIÓN
Colección ART-E
100 1# - ASIENTO PRINCIPAL--NOMBRE PERSONAL
Nombre de persona García Merino, José Domingo
100 1# - ASIENTO PRINCIPAL--NOMBRE PERSONAL
Filiación josedomingo.garcia@ehu.es
100 1# - ASIENTO PRINCIPAL--NOMBRE PERSONAL
Nombre de persona Urionabarrenetxea Zabalandikoetxea, Sara
100 1# - ASIENTO PRINCIPAL--NOMBRE PERSONAL
Filiación sara.urionabarrenetxea@ehu.es
100 1# - ASIENTO PRINCIPAL--NOMBRE PERSONAL
Nombre de persona Bañales Mallo, Amaia
100 1# - ASIENTO PRINCIPAL--NOMBRE PERSONAL
Filiación amaia.banales@ehu.es
245 10 - MENCIÓN DE TÍTULO
Título Cambios en metodologías docentes y de evaluación :
Resto del título ¿mejoran el rendimiento del alumnado universitario?
Medio [recurso electrónico en línea]
506 0# - NOTA DE RESTRICCIONES AL ACCESO
Limitaciones de acceso Acceso abierto
520 3# - NOTA DE RESUMEN, ETC.
Sumario, etc. Más allá de las reformas de carácter institucional, la construcción del Espacio Europeo de Educación Superior (EEES) en el ámbito pedagógico ha traído consigo dos cambios: el impulso en la utilización de metodologías activas de enseñanza y de sistemas de evaluación continua. Nuestro objetivo es contrastar si estas innovaciones se han reflejado en el rendimiento del alumnado, a partir de un concepto multidimensional del mismo, adaptado a la Sociedad del Aprendizaje, la cual recoge no sólo la perspectiva del profesorado sino también la del alumnado, e incluye tanto conocimiento de carácter técnico como otro tipo de conocimiento. A través de una muestra de 1,276 alumnos de la Universidad del País Vasco y mediante OLS se observa una mejora, que en el caso de las calificaciones conferidas por el profesorado es estadísticamente significativa. En cuanto a la percepción del alumnado, la mejora en la adquisición de competencias de tipo instrumental y sistémico es estadísticamente significativa, no así en las de tipo interpersonal. REDIE.
650 #4 - ASIENTO SECUNDARIO DE MATERIA - TERMINO TEMATICO
Término de materia o nombre geográfico como elemento de entrada Rendimiento académico
9 (RLIN) 3961
650 #2 - ASIENTO SECUNDARIO DE MATERIA - TERMINO TEMATICO
9 (RLIN) 25220
Término de materia o nombre geográfico como elemento de entrada Evaluación formativa
650 #7 - ASIENTO SECUNDARIO DE MATERIA - TERMINO TEMATICO
9 (RLIN) 2917
Término de materia o nombre geográfico como elemento de entrada Autoevaluación
653 0# - TERMINO DE INDIZACION - NO CONTROLADO
Término no controlado Evaluación continua
773 ## - ENLACE AL DOCUMENTO FUENTE/ENTRADA DE REGISTRO ANFITRIÓN
Parte(s) relacionada(s) Vol. 18, no. 3 (2016), p. 1-18
Título REDIE : revista electrónica de investigación educativa
Número Internacional Normalizado para Publicaciones Seriadas 1607-4041
856 4# - LOCALIZACIÓN Y ACCESO ELECTRÓNICOS
Identificador Uniforme del Recurso <a href="http://redie.uabc.mx/redie/article/view/691/1473">http://redie.uabc.mx/redie/article/view/691/1473</a>
902 ## - ELEMENTOS DE DATOS B LOCAL, LDB (RLIN)
Modificó Leonor Sotres/220823
905 ## - TIPO DE MATERIAL
Tipo de material Articulo
942 ## - ELEMENTOS DE PUNTO DE ACCESO ADICIONAL (KOHA)
Tipo de ítem Koha Artículo Electrónico
Holdings
Estado de retiro Estado de pérdida Estado dañado No para préstamo Código de colección Localización permanente Ubicación/localización actual Ubicación en estantería Fecha de adquisición Total de préstamos Fecha visto por última vez Identificador Uniforme del Recurso Precio válido a partir de Tipo de ítem Koha
        Acceso abierto Bib. Gregorio Torres Quintero Bib. Gregorio Torres Quintero En línea 22/08/2023   22/08/2023 http://redie.uabc.mx/redie/article/view/691/1473 22/08/2023 Artículo Electrónico